Masaalah -masaalah yang dihadapi oleh yunit-yunit di Negeri Sembilan
| Main Author: | |
|---|---|
| Format: | Book |
| Published: |
1982
|
| Subjects: |
MARC
| LEADER | 00000cam a2200000 7i4500 | ||
|---|---|---|---|
| 001 | 0000016706 | ||
| 005 | 20060704.0 | ||
| 040 | |a INS | ||
| 090 | 0 | 0 | |a KK250 |
| 100 | 1 | |a Tan, Chin Hock | |
| 245 | 1 | 0 | |a Masaalah -masaalah yang dihadapi oleh yunit-yunit di Negeri Sembilan |c disediakan olehTan Chin Hock, |
| 260 | |a 1982 | ||
| 300 | |a 4ms. ; |c 29 cm. | ||
| 650 | 0 | 0 | |a Ratio analysis |
| 999 | |a KK00000564 |b BOOK |c Open Shelf |e Default branch | ||